Taş Uykusu : Roman (Record no. 4010)

000 -LEADER
fixed length control field 00505nam a22001817a 4500
008 - FIXED-LENGTH DATA ELEMENTS--GENERAL INFORMATION
fixed length control field 200124b ||||| |||| 00| 1 eng d
020 ## - INTERNATIONAL STANDARD BOOK NUMBER
International Standard Book Number 9789944756549
041 ## - LANGUAGE CODE
Language code of text/sound track or separate title Türkçe
050 ## - LIBRARY OF CONGRESS CALL NUMBER
Classification number PL248.T622
100 ## - MAIN ENTRY--PERSONAL NAME
9 (RLIN) 1251
Personal name Tohumcu, Aslı
245 ## - TITLE STATEMENT
Title Taş Uykusu : Roman
250 ## - EDITION STATEMENT
Edition statement 1.Basım
260 ## - PUBLICATION, DISTRIBUTION, ETC.
Place of publication, distribution, etc. İstanbul:
Name of publisher, distributor, etc. Kırmızı Kedi Yayınevi,
Date of publication, distribution, etc. Ocak 2011
300 ## - PHYSICAL DESCRIPTION
Extent 100 Sayfa
500 ## - GENERAL NOTE
General note Kırmızı Kedi Yayınevi ; 50
Türk Edebiyatı ; 5
650 #0 - SUBJECT ADDED ENTRY--TOPICAL TERM
9 (RLIN) 145
Topical term or geographic name entry element Türk Edebiyatı
942 ## - ADDED ENTRY ELEMENTS (KOHA)
Source of classification or shelving scheme
Koha item type Books
Holdings
Withdrawn status Lost status Source of classification or shelving scheme Damaged status Not for loan Permanent Location Current Location Shelving location Date acquired Full call number Barcode Date last seen Price effective from Koha item type
        Ödünç verilemez İmren Ahmet Tüzün Kütüphanesi İmren Ahmet Tüzün Kütüphanesi Ahmet Tüzün 2020-01-24 PL248.T622 100100004296 2020-01-24 2020-01-24 Books

This software was implemented, installed and managed by Devinim Software Training Consulting .